000 00496nam a22002057a 4500
003 bpm
005 20260417101640.0
008 260417b |||||||| |||| 00| p spa d
020 _a9789876194167
024 _aS. C. C. / M. C. y E. M.:
040 _aAR-CtUCP
041 _aspa
080 _aCDU
100 _aGonzález Sandoval Gabriela
245 _aCorrespondencia natural
260 _aCorrientes
_bMoglia
_c2022
650 _aLiteratura - Poesía
942 _cLIB
999 _c76660
_d76660